000 00545nam a2200205 a 4500
001 BRCA_4049
005 20190320204527.0
008 150210s1928----mx-#######---#000-0#spa-#
041 _aspa
044 _amx
050 4 _aF1326
_b.C47 1928
100 1 _aCervantes, Enrique A.
_9383
245 1 0 _aDocumentos para la historia de Puebla
_cEnrique A. Cervantes
260 _aMéxico
_bTalleres Gráficos de la Nación
_c1928
300 _a62 p.
_c22 cm
500 _aC125
651 4 _aPuebla
_xHistoria
_910507
902 _aGFM
942 _2lcc
_cB
999 _c3773
_d3773